00309nam a2200109Ia 4500008004100000040001700041041001200058082001400070100001700084245008700101300001100188230917s9999||||xx |||||||||||||| ||und|| e131142aMAIN aEnglish a373 B186C aBalvir Singh 0aCorrelates of role-performance of Principals of Senior Seconday Schools of Haryana a230 p.